zpět

Detail výsledku týmu

Pivnice Zahrada, Ostrava

Datum a čas kvízu

38.5 Celkem bodů Celkový počet nahraných bodů na tomto kvízu bez doplňovacích otázek.
1. Pořadí na kvízu Konečné umístění týmu na tomto kvízu.

Zaznamenané odpovědi

# Otázka Odpověď Body Výsledky
1. Ve vinici u Velkých Pavlovic n... Frankovku 1
2. Školský obvod nedaleko Houston... má odhalené ňadro 1
3. Ve čtvrtek se odehrálo slavnos... Letnice 1
4. Cukrárna nedaleko Paříže překo... jahody 1
5. Česká sportovkyně Renata Zacho... v judu 0
6. Opuštěné budovy mají pro řadu... B) urbex 1
7. Mezi nejslavnější opuštěná měs... 1986 1
8. Namibijské město Kolmanskop je... diamanty 1
9. Velmi smutný osud potkal celou... Sarajevo, 1984 0
10. Ostrov La Isla de las Muñecas... B) panenkami 1